Sladkovodné akvárium

Bibliographic Details
Main Author: Eliáš, Jaroslav (Author)
Format: Article
Language:Slovak
PhysicalDescription:Fotogr.
ISSN:0862-5573
Subjects:

MARC

LEADER 00000nab a2200000 a 4500
001 vtls000699736
003 SK-MaSNL
005 20260302181303.0
008 140328c1999 xo 0 slo
015 |a SNBRB1999/09-21204 
035 |a CLN000051903 
040 |a SNKBUCL  |b slo  |c SNKBUCL  |e AACR2 
041 0 |a slo 
044 |a xo  |c SK 
080 |a 636.98:597.5  |2 1997 
100 1 |a Eliáš, Jaroslav  |4 aut  |9 663661 
245 1 0 |a Sladkovodné akvárium  |c Jaroslav Eliáš 
300 |b Fotogr. 
650 0 7 |a sladkovodné akváriá  |2 SNKPH  |9 220483 
650 0 7 |a akváriové ryby  |2 SNKPH  |9 30232 
655 7 |a články z novín a časopisov  |2 SNK  |9 267496 
773 0 |t Chovateľ  |g Roč. 35, č. 8 (1999), s. 244-245  |x 0862-5573 
850 |a Slovenská národná knižnica v Martine 
852 |a SNK  |b KIS3GCP 
992 |a RBX 
999 |c 1413613  |d 1415543